Manshū Kakō jijō /

Saved in:
Bibliographic Details
Corporate Author: Minami Manshū Tetsudō Kabushiki Kaisha. Rōmuka.
Other Authors: Takei, Gōichi.
Format: Book
Language:Japanese
Published: [Dairen] : Minami Manshū Tetsudō Kabushiki Kaisha Sōmubu Rōmuka, [Shōwa 6 i.e. 1931]
Subjects:
Tags: Add Tag
No Tags, Be the first to tag this record!
LEADER 01168nam a2200289 i 4500
001 007799103-6
005 20024617122053.0
008 980526s1931 cc 000 0 jpn
010 |a 72802111 /J 
035 0 |a ocm39180343 
040 |d CStRLIN 
050 0 0 |a HD8679.M33  |b M55 
110 2 |6 880-01  |a Minami Manshū Tetsudō Kabushiki Kaisha.  |b Rōmuka. 
245 1 0 |6 880-02  |a Manshū Kakō jijō /  |c [Takei Gōichi shippitsu]. 
260 |6 880-03  |a [Dairen] :  |b Minami Manshū Tetsudō Kabushiki Kaisha Sōmubu Rōmuka,  |c [Shōwa 6 i.e. 1931] 
300 |a 2, 74 p. ;  |c 23 cm. 
500 |a Cover title. 
500 |6 880-04  |a In colophon: Hakkōjo Minami Manshū Tetsudō Kabushiki Kaisha. 
650 0 |a Foreign workers, Chinese  |z China  |z Manchuria. 
700 1 |6 880-05  |a Takei, Gōichi. 
880 2 |6 110-01  |a 南滿洲鐵道株式會社.  |b 總務部.  |b 勞務課. 
880 1 0 |6 245-02  |a 滿洲華工事情 /  |c [武居鄉一執筆]. 
880 |6 260-03  |a [大連] :  |b 南滿洲鐵道株式會社總務部勞務課,  |c [昭和6 i.e. 1931] 
880 |6 500-04  |a In colophon: 發行所南滿洲鐵道株式會社. 
880 1 |6 700-05  |a 武居鄉一. 
988 |a 20021221 
906 |0 MH